Personaggi della Divina Commedia - Statistics

Statistiche generali
  • Questo quiz è stato fatto 71 volte
  • Il punteggio medio è 11 su 16
Statistiche sulle risposte
con Immagini Risposta % Corretto
Dante Alighieri
98%
Lupa
95%
Leone
92%
Lucifero
86%
Paolo e Francesca
86%
Adamo
84%
Virgilio
84%
Beatrice Portinari
79%
Ulisse
78%
Lonza
76%
Caronte
65%
Giuda
65%
Conte Ugolino
59%
Minosse
51%
Ovidio
11%
San Francesco d'Assisi
6%
Nessun quiz corrispondente trovato
Distribuzione punteggi
Percentuale di utenti per punteggio
Percentile per numero di risposta
I tuoi punteggi nel tempo
Non hai fatto questo quiz